000 01365ngm a22003130a 4500
001 PT35374
003 AR-LpoUNG
005 20210202000446.0
007 vd cvaizq
008 191001s2006||||ag |||||||||||||||||spa d
037 _c$1.12
040 _aAR-LpoUNG
_bspa
_cAR-LpoUNG
_eaacr
041 _aspa
044 _aag
082 0 _a972.081 6 114pan
100 1 _aTaboada Tabone, Francesco
_edir.
245 1 0 _aPancho Villa :
_bla revolución no ha terminado
260 _aBuenos Aires :
_bMiradas al sur,
_c2006.
300 _aDVD (90 min.) : son., col.
520 _aEn el mismo día que Pancho Villa invadió el pueblo de Columbus, perpetuando así el primer ataque al territorio estadounidense realizado por un ejército latinoamericano, nació un hombre bautizado con el nombre de Ernesto Villa Nava, orgullosamente hijo del General Francisco Villa. A la muerte del Caudillo, su madre lo llevó a vivir a Estados Unidos y le dijo: "Nunca reveles quién es tu padre, pues nuestras vidas corren peligro". 83 años después, el viejo Ernesto regresa a México para descubrir que su padre es hoy uno de los guías morales de los campesinos de México y un héroe nacional.
650 4 _aHISTORIA
650 4 _aMEXICO
650 4 _aREVOLUCION
653 _aDOCUMENTALES
653 _aDVD
653 _aVIDEOS
905 _a35374
942 _cDVD
999 _c54894
_d54894